00000000nam##2200000za#4500
0019.686249
003CaOODSP
00520210624230441
007cr |||||||||||
008150407|2001||||xxc|||||o    f|0| 0 eng|d
020 |a0-662-31204-X
040 |aCaOODSP|beng
043 |an-cn---
0861 |aE2-425/2001E-IN
1101 |aCanada.|bForeign Affairs and International Trade. |bCanadian Centre for Foreign Policy Development.
24510|aSummary of key points from presentations and discussions : |h[electronic resource]|bthe Washington, D.C. Roundtable on Trends in U.S. Foreign Policy (April 2, 2001, Washington, D.C.)
260 |aOttawa - Ontario : |bForeign Affairs and International Trade. |c[2001].
300 |a10p.
590 |a10-06-Supp|b2010-07-26
69007|aCanadian-American relations|2gcpds
69007|aForeign policy|2gcpds
7760#|tSummary of key points from presentations and discussions : |w(CaOODSP)9.648367
85640|ahttp://publications.gc.ca|qPDF|s116 KB|uhttps://publications.gc.ca/collections/Collection/E2-425-2001E.pdf
986 |a8012.1E